000
00315nam a2200145Ia 4500
008
200615s9999||||xx |||||||||||||| ||und||
020
_a
9789339203467
082
_a
650
_b
BUS-T
100
_a
TULSIAN,PC
245
0
_a
BUSINESS LAW
250
_a
2ND
260
_a
New Delhi
_b
MGH
_c
2018
300
_a
0
942
_c
BK
999
_c
26478
_d
26478